| 000 | 00791nam a2200241Ia 4500 | ||
|---|---|---|---|
| 008 | 191130s2009##################000#0#eng## | ||
| 020 | _a9781604530919 | ||
| 022 | _a2008011889 | ||
| 040 |
_aACL _cACL |
||
| 082 | _a979.487 HIR | ||
| 100 | _aHirschmann, Randi | ||
| 245 |
_aDeath valley national park _cRandi Hirschmann, Fred Hirschmann, Mark Schlenz |
||
| 260 |
_aEdina _bABDO Pub. Co _c2009 |
||
| 300 | _a32 p. : ill. (chiefly col.), col. map ; 26 cm | ||
| 500 | _aIncludes index | ||
| 650 | _aDeath Valley (Calif. and Nev.) - Juvenile literature | ||
| 650 | _aDeath Valley National Park (Calif. and Nev.) - Juvenile literature | ||
| 700 | _aHirschmann, Fred | ||
| 700 | _aSchlenz, Mark | ||
| 990 | _a5d456f14ac10000c6e863891233ec875 | ||
| 991 | _a302585 | ||
| 999 |
_c145805 _d145805 |
||